[Event "Tilburg Fontys"]
[Site "Tilburg"]
[Date "1996.10.12"]
[Round "2"]
[White "Van Wely, Loek"]
[Black "Leko, Peter"]
[Result "1/2-1/2"]
[WhiteElo "2605"]
[BlackElo "2630"]
[Annotator "Stohl,I"]
[PlyCount "120"]
[EventDate "1996.10.11"]
[EventType "tourn"]
[EventRounds "11"]
[EventCountry "NED"]
[EventCategory "16"]
[SourceTitle "CBM 056"]
[Source "ChessBase"]
[SourceDate "1997.02.01"]
[SourceVersion "1"]
[SourceVersionDate "1997.02.01"]
[SourceQuality "1"]

1. d4 {Ftacnik} Nf6 2. Nf3 g6 3. Bg5 Bg7 4. Nbd2 O-O (4... d6 5. e4 h6 6. Bh4
O-O 7. c3 c5 8. dxc5 dxc5 9. Be2 Nc6 10. O-O Nh5 11. Re1 Qc7 12. Qc2 Be6 13.
Nc4 Rad8 14. Ne3 Rd7 15. Rad1 Rfd8 16. Rxd7 Rxd7 17. Bb5 a6 18. Bxc6 Qxc6 19.
c4 Qb6 20. Nd5 Qxb2 21. Qxb2 Bxb2 22. Bxe7 {Zhang Zhong-Stohl,I/Beijing/1996/}
Nf4 $1 $15) 5. c3 d6 6. e4 c5 (6... h6 7. Bh4 c5 8. dxc5 dxc5 9. Bc4 Nh5 10.
Qc2 Qc7 11. O-O Nc6 12. Rfe1 Na5 13. Bf1 Be6 14. Rad1 Rfd8 15. Qa4 g5 16. Bg3
Nxg3 17. hxg3 a6 18. Be2 b5 19. Qc2 Rd7 20. Nh2 Rad8 21. Nhf1 Nc6 22. Ne3 Bxa2
23. b3 Qa5 24. Nd5 e6 $19 {Kakageldyev,A-Temirbaev,S/Jerevan olm/1996/}) 7.
dxc5 dxc5 8. Bc4 Nc6 9. O-O Qc7 (9... Na5 10. Be2 a6 (10... h6 {Ftacnik} 11.
Bf4 Be6 $10 {Malaniuk,V-Yurtaev,L/Novosibirsk/1986/1:0/ (18)}) (10... Be6 {Leko
}) 11. Re1 Be6 12. Bf4 h6 13. Qc2 b5 14. h3 g5 15. Bh2 Qb6 16. e5 Nd7 17. Ne4
Rfd8 18. Ng3 Nf8 19. Nf5 Ng6 20. Bd3 Kf8 21. Be4 Rab8 22. b3 Rd7 23. Bg3 Rbd8
24. Nxh6 $1 Nxe5 25. Bxe5 Bxh6 26. Rad1 $36 {Gausel,E-Lejlic,S/Gausdal TM/1996/
}) (9... b6 10. Qe2 Nd7 11. Rad1 Bb7 12. Qe3 Qc7 13. Bf4 Nde5 14. Nxe5 Bxe5 15.
Bh6 Rfd8 16. Nf3 Rxd1 17. Rxd1 Rd8 18. Re1 Bd6 19. h4 Ne5 20. Nxe5 Bxe5 21. h5
Qd6 22. hxg6 hxg6 23. Qf3 Qf6 24. Qxf6 exf6 25. Bc1 g5 26. g3 g4 27. Be2 Bc8
28. Kg2 $10 {Kakageldyev,A-Istratescu,A/Jerevan olm/1996/}) 10. Qe2 (10. Re1
Ng4 (10... h6 11. Bh4 Nh5 12. Nf1 (12. Qc1 Bg4 13. Bg3 Nxg3 14. hxg3 Rad8 15.
Nh2 Bc8 16. f4 a6 17. Ndf1 b5 18. Be2 e5 19. Ne3 exf4 20. Nd5 Qe5 21. Nxf4 c4
22. Bf1 Qc5+ 23. Kh1 Ne5 $17 {Siktanc,P-Novotny,J/CZE-chT3a 9596/1996/}) 12...
Ne5 13. Nxe5 Bxe5 14. a4 Rb8 15. Qc2 b6 16. Bg3 Nxg3 17. hxg3 a6 18. Qe2 Qb7
19. Ne3 b5 20. axb5 axb5 21. Bd5 Qc7 22. f4 Bg7 23. e5 Rd8 24. Qc2 Bf5 25. Qf2
$14 {Henc,R-Blimke,D/POL-chW Brzeg Dolny/1996/ (25)}) 11. Bh4 (11. h3 Nge5 12.
Bf1 Be6 13. Qc2 Rad8 14. Be3 Nxf3+ 15. Nxf3 Ne5 16. Nd2 c4 17. Bd4 b5 18. Rad1
Bh6 19. a4 a6 20. b4 Rd7 21. Bxe5 Qxe5 22. Nf3 Qc7 23. Nd4 Qb7 24. Be2 Rfd8 25.
Bf3 Qb6 26. a5 Qc7 $10 {Meduna,E-Kohtz,A/Pardubice op/1996/}) 11... Nge5 12.
Bg3 Qb6 13. Nxe5 Nxe5 14. Bb3 Be6 15. Qe2 Rfd8 16. Bxe6 Qxe6 17. Bxe5 Bxe5 18.
Nc4 Rd7 19. Rad1 Rad8 20. Rxd7 Rxd7 21. a4 Bg7 22. g3 Rd8 23. Kg2 Qa6 24. a5
Qb5 25. f3 e6 26. Ra1 Qa6 27. Ra3 Qc6 28. Ra1 {1/2,Kanstler,B-Peker,O/ISR-chT/
1996/ All the games above show, how important is the e5 square for Black, by
controlling it he usually holds equality.}) 10... h6 (10... Na5 $5 11. Bd3 Be6
(11... h6 {Ftacnik} 12. Bxf6 (12. Bh4 Nh5 13. Qe3 c4 (13... Rd8 14. Bc2 g5 15.
Bg3 Nxg3 16. fxg3 Be6 17. e5 Qc6 18. Ne4 Nc4 19. Qxc5 Qxc5+ 20. Nxc5 Bd5 21.
Bb3 Rac8 22. Nd3 Ne3 23. Bxd5 Nxd5 {Zilberman,N-Yurtaev,L/Frunze ;CBM 15 1989/
1/2-1/2 (64)}) 14. Bc2 e5 15. b4 cxb3 16. axb3 Be6 17. b4 Nc4 18. Nxc4 Bxc4 19.
Rfd1 Nf4 20. Rd2 Rfc8 21. Rxa7 Rxa7 22. Qxa7 Ba6 23. h3 Qc4 24. Rd1 Qxc3 25.
Bb1 Be2 {0-1 Koenig,D-Cigan,S/AUT-chT 9394 (06)/1994}) 12... exf6 13. Rfe1 Be6
14. Nc4 Rad8 15. Nxa5 Qxa5 16. Bc4 Qb6 17. Bxe6 Qxe6 18. Qb5 b6 19. a4 Rfe8 20.
a5 Qd7 21. Qxd7 Rxd7 22. axb6 axb6 23. Kf1 {1/2-1/2 Schussler,H-Marklund,G/
SVE-ch/1983 (32)}) 12. b4 c4 13. Bc2 Nc6 14. Nxc4 $6 Nxb4 15. cxb4 Bxc4 16. Bd3
Bxd3 17. Qxd3 Rfd8 18. Qe2 Rac8 19. Rac1 Qb6 20. Rc4 Qe6 $36 {Mufic,G-Cvitan,O/
Pula op/1996/}) (10... Ng4 11. Bd5 Bd7 12. h3 Nf6 13. Qe3 b6 14. Rfe1 Rad8 15.
Bc4 Bc8 16. Bh6 Bb7 17. e5 Nd5 18. Qg5 f6 19. Qh4 Na5 20. Bf1 Nc6 21. Ne4 Bc8
22. Rad1 $2 (22. Bxg7 Kxg7 23. Qg3 $14) 22... g5 23. Bxg5 fxg5 24. Nexg5 h6 25.
Rxd5 Rxd5 26. Qe4 hxg5 27. Qxd5+ e6 28. Qe4 Rf5 $17 {Annageldiev,O-Iordachescu,
V/Jerevan olm/1996/}) 11. Bh4 (11. Be3 {Ftacnik} b6 12. h3 Bb7 $132) (11. Bxf6
{Ftacnik} exf6 (11... Bxf6 12. Rfe1 (12. Qe3 {>< c5, h6}) 12... Ne5 13. Nxe5
Bxe5 14. g3 {/\f4/}) 12. Nh4 (12. Rfe1 Re8 13. Bd5 Ne7 14. Bb3 Bd7 15. Qc4 (15.
Rad1 b5) (15. a4 $5) 15... Be6 16. Qf1 Nc8 17. Bxe6 Rxe6 18. Nc4 Nb6 19. Rad1
Rae8 $15 {0-1 Hennings,A-Suetin,A/Berlin Lasker/1968 (48) ><e4/}) 12... Ne5 (
12... Kh7 13. f4 Bd7 14. Qf2 Ne7 15. Rae1 f5 16. exf5 Nxf5 17. Ne4 Rae8 18.
Qxc5 Qxc5+ 19. Nxc5 Rxe1 20. Rxe1 Nxh4 21. Nxd7 Rd8 {1-0 Trifunovic,
P-Bolbochan,Ju/Varna olm/1962 (43)}) (12... Ne7 13. f4) 13. Bb3 (13. Bd5 {
/\ 14.f4}) 13... Rd8 14. f4 Bg4 15. Qe3 Rd3 16. Qf2 Rad8 17. Bd5 R3xd5 18. exd5
Nd3 19. Qe3 Rxd5 20. h3 Bd7 21. c4 f5 22. Nhf3 {1-0 Stefanova,A-Makropoulou,M/
Balkaniad Varna (03)/1994 (45)}) 11... Nh5 12. Rfe1 $146 (12. Qe3 Na5 (12... b6
13. Rfe1 (13. e5 $2 {Ftacnik} Nxe5 14. Nxe5 Qxe5 15. Qxe5 Bxe5 16. Bxe7 Re8 17.
Bh4 g5 18. Bg3 Nxg3 19. hxg3 $15) 13... g5 (13... Bb7 {Ftacnik} 14. e5 Rfd8 15.
Nb3 Bf8 16. g4 Ng7 17. Qxh6 Ne6 18. Qe3 Ncd4 19. cxd4 cxd4 20. Qc1 Bxf3 21.
Bxe6 Qxc1 22. Raxc1 fxe6 23. g5 d3 24. Nd2 {1-0 Kacheishvili,G-Spisak,C/
WchJM-U18 Medellin (06) 1996 (45)}) 14. Bxg5 (14. Bg3 {Ftacnik}) 14... hxg5 15.
Qxg5 Nf6 (15... Nf4 $5 {Ftacnik} 16. e5 Ne6 17. Qh5 (17. Qg3 Rd8 18. Re4 b5 19.
Bxb5 Nxe5 20. Nxe5 Rxd2 21. Bc4 Qd6 22. h3 Bb7 23. Rg4 Bd5 24. Qe3 Bxc4 25.
Nxc4 Rd1+ 26. Rxd1 Qxd1+ 27. Kh2 Qd5 28. Qg3 Rd8 {1/2-1/2 Kanstler,B-Peker,O/
Petach Tikva (07)/1996}) 17... Nf4 18. Qg5 Ne6 19. Qh4 $6 (19. Qg3 $5 b5 $5 $13
) 19... Nxe5 20. Nxe5 Bxe5) (15... Ne5 {Ftacnik} 16. Bd5 $3 Rb8 17. Qxh5 Bg4
18. Qh4 Bxf3 19. Nxf3 Nxf3+ 20. gxf3 $16) 16. e5 Ng4 (16... Nh7 $5 {Ftacnik}
17. Qh5 Qd7 $1 18. e6 fxe6 19. Rxe6 Qxe6 20. Bxe6+ Bxe6 $15) 17. Bd5 Rb8 (17...
Nh6 {Ftacnik} 18. Re4 $1 Rd8 19. Bb3 Kf8 20. Rh4 Nf5 21. Rh7 $36) 18. e6 f5 (
18... Nh6 {Ftacnik} 19. exf7+ Nxf7 20. Qh5 e6 21. Rxe6 Bxe6 22. Bxe6 Rfe8 23.
Ng5 $18) 19. Nf1 Nf6 20. Ng3 Nh7 21. Qg6 Kh8 22. Nxf5 Rg8 23. Ng5 {1-0,
Speelman,J-Howell,J/Calcutta op/1996/}) (12... g5 $5 13. Bxg5 (13. Nxg5 {
Ftacnik} hxg5 14. Qxg5 Nf6 15. Qxc5 $44) (13. Bg3 {Ftacnik} Nxg3 14. hxg3 b6
$10) 13... hxg5 14. Qxg5 Nf4 15. e5 Ne6 16. Qg3 Nxe5 17. Nxe5 Qxe5 18. f4 Qc7
19. Rae1 Rd8 20. Ne4 b5 21. Bxb5 c4 22. f5 Qb6+ 23. Kh1 Qxb5 24. f6 Rd3 25. Qg4
exf6 26. Nxf6+ Kf8 27. Nh7+ Kg8 $10 {Annageldiev,O-Egger,J/Jerevan olm/1996/})
13. Be2 Nf4 14. Nb3 Nxb3 15. axb3 Nxe2+ 16. Qxe2 Be6 17. Nd2 Rfd8 18. Bg3 Qb6
19. Ra3 Rd7 20. Bf4 Rad8 21. Be3 a6 22. Nf3 Qc6 23. Qc2 Bg4 24. h3 Bxf3 $10 {
Espig,L-Reeh,O/Potsdam DDR-FRG/1988/} (24... Bxf3 {Ftacnik} 25. gxf3 Be5 {
Espig,L-Reeh,O/DDR-FRG Potsdam/1988/1/2-1/2 (49)})) 12... Ne5 $6 {In this case
Black's control of e5 will be only temporary. Leko probably underestimated
White's 14-th move.} (12... Na5 $142 13. Bb5 a6 14. Ba4 b5 15. Bc2 Be6 $132 (
15... Bb7 $13 {Ftacnik}) (15... Bb7 {/\ c5-c4, e7-e5})) (12... g5 13. Bg3 Nxg3
14. hxg3 Na5 15. Bd3 Be6 $13) 13. Nxe5 Bxe5 14. g3 $1 (14. Nf1 $6 Nf4 15. Qe3
g5 16. Bg3 h5 $36 {[%csl Ge5,Gf4] with full control of e5 nd f4 favors Black.})
(14. h3 Nf4 {and it will be very difficult to get rid of the unpleasant Nf4.
Van Wely's move temporarily displaces his B, but prepares to chase away
Black's pieces.}) 14... Bh8 $6 (14... Ng7 15. f4 Bf6 16. Bxf6 exf6 17. Bd5 Be6
18. c4 Rad8 $14 {/\f5 was a more solid choice.}) 15. f4 {White is rarely
getting such a nice center in this line. In dieser Variante bekommt Weiß nur
selten solch ein starkes Zentrum.} Ng7 16. Qf3 {[%csl Rg7,Rh8] Black's tangled
pieces create a comical impression.} Be6 17. Rad1 Rad8 {[%cal Rd8d2] /\Rd2!}
18. Bxe6 Nxe6 (18... fxe6 $2 19. Qg4 Kh7 20. Nf3 $40) 19. f5 $1 $36 g5 (19...
Ng5 20. Qe3 $16 {/\} Bf6 21. e5 Bxe5 (21... Nh3+ 22. Kg2 Bxh4 23. gxh4 $18) 22.
Bxg5 $1 $18) (19... gxf5 20. exf5 Ng5 21. Qh5 $40) (19... Nd4 $5 {Ftacnik} 20.
cxd4 Bxd4+ 21. Kg2 g5 22. Qg4 f6 23. Nf3 $40) 20. fxe6 gxh4 (20... fxe6 $2 21.
Qg4 $18) 21. Qg4+ Bg7 22. Qxh4 (22. exf7+ {Ftacnik} Rxf7 23. Qxh4 Qa5 $14)
22... c4 (22... fxe6 23. Nc4 b5 24. Ne3 $16) (22... Qb6 23. exf7+ Rxf7 24. Nc4)
23. Kg2 (23. exf7+ $6 Rxf7 $132) 23... fxe6 {>< e7, e6} (23... Rd3 $5 24. e5 $5
b5 25. Nf3 $16) 24. Qg4 Rf6 (24... Qb6 25. Nxc4 Qf2+ 26. Kh3 $18) 25. Nf3 Rdf8
(25... e5 26. Rd5 $1 e6 27. Rxd8+ Qxd8 28. Re2 $18) 26. Nd4 (26. Rf1 {Ftacnik}
Qb6 27. Rd2 $14) 26... h5 $5 (26... Qb6 27. Re2 $1 (27. e5 Rf2+ 28. Kh3 Qxb2)
27... Kh7 28. e5 Rg6 29. Qe4 {[%cal Rd4f3,Rf3h4] /\Nf3-h4+-}) 27. Qxh5 Rf2+ 28.
Kh3 Qe5 $8 (28... Qb6 29. Re2 Rxe2 30. Qxe2 $18) (28... R8f6 {Ftacnik} 29. Re2)
(28... R2f6 {Ftacnik} 29. Qg4 $16) 29. Qxe5 (29. Qg4 $2 R8f6 $40) 29... Bxe5
30. Nxe6 $16 {[%csl Gg3,Gh2] Black managed to survive the attack and still has
some tactical chances, but in the long run the endgame is hopeless for him,
White's K-side pawns should eventually decide.} R8f6 (30... Rc8 31. Rd5 $18)
31. Rd8+ Kf7 32. Ng5+ Kg7 (32... Kg6 33. Kg4 $1 Rxb2 (33... Rxh2 $2 34. Rg8+
Kh6 35. Rh8+ $18) 34. Rg8+ (34. Red1 $40 {Ftacnik}) 34... Kh6 35. Rd1 $18 {
/\Rdd8->}) 33. Rd7 (33. Red1 $5 {[%cal Rd1d7] /\Rdd7}) 33... Rh6+ (33... Kg6
34. Kg4 $5 (34. Rxe7 Bd6 35. e5 Bxe7 36. exf6 Bxf6 37. Ne4 Rxb2 38. Nxf6 Kxf6
39. Re4 Rxa2 40. Rxc4 a5 $132) 34... Rxb2 (34... Rxh2 35. Nf3 $18) 35. Rxe7
Bxc3 36. Rd1 Bd2 37. e5 Ra6 38. Ne4 Raxa2 39. Rf1 $18) 34. Kg4 {The endagme is
still very lively, both sides have to be careful. Das Endspiel ist noch sehr
lebendig, beide Seiten müssen aufpassen.} Bf6 35. Ne6+ (35. Rxb7 $2 Bxg5 36.
Kxg5 Rg6+ 37. Kh4 Rxh2#) (35. h4 {Ftacnik} Rxb2 36. e5 Bxg5 37. hxg5 Re6 38.
Kf5 Kf7 39. g6+ Rxg6 40. e6+ $2 Rxe6 41. Rxe6 Rf2+) 35... Kf7 36. Nf4 Rh8 (
36... Rxb2 37. e5 Bg7 38. e6+ $18) (36... Rhxh2 {Ftacnik} 37. e5 Bg7 38. e6+
Kg8 39. Nd5 $18) 37. h4 (37. e5 $2 Rg8+ 38. Kh3 (38. Kf5 $2 Rg5+ 39. Ke4 Rxe5+
$19) 38... Rh8+ $10) 37... Rg8+ 38. Kh3 Be5 (38... Rf3 39. Nh5 Be5 40. Kg2 $18)
(38... Rxb2 39. e5 $18 {->}) 39. Rd5 $1 Bxf4 (39... Kf6 {Ftacnik} 40. Re2 Rf3 (
40... Rxg3+ 41. Kxg3 Rxe2 42. Rxe5) 41. Rg2 $16) 40. Rf5+ Ke6 41. Rxf4 Rxb2 42.
h5 b5 (42... Rxa2 $142 $5 43. e5 $5 (43. h6 Rh8 44. Rh4 Kf6 $13) 43... b5 44.
h6 Rh8 45. Rh4 $16 {[%cal Rh6h7,Re1e4,Re4g4,Rg4g8] /\h7,Re4-g4-g8}) 43. Rg4 $1
Rxg4 (43... Rh8 {Ftacnik} 44. Rg6+ Kf7 45. Rf1+ Ke8 46. Rf5 $18) 44. Kxg4 Rxa2
45. h6 {[%cal Re1h1] /\Rh1+-} Rh2 (45... Kf7 46. Kg5 a5 (46... Kg8 {Ftacnik}
47. g4 $16) 47. Rf1+ Kg8 48. Kg6 Rh2 49. Rd1 $18) (45... Kf6 {Ftacnik} 46. Rh1)
46. Kg5 Ke5 (46... a5 47. Rb1 $18) 47. g4 a5 48. Rb1 $1 $18 Kxe4 49. Rxb5 a4
50. Ra5 Kd3 51. Kg6 a3 $5 (51... Kxc3 52. Rh5 Rd2 (52... Rxh5 53. gxh5 a3 54.
h7 $18) 53. h7 Rd8 54. h8=Q+ Rxh8 55. Rxh8 a3 56. Kf5 Kb2 57. g5 a2 (57... c3
58. g6 c2 59. Rb8+ Ka1 60. Rc8 Kb1 61. g7) 58. Rb8+ Kc2 59. Ra8 Kb2 60. g6 $18
{With an extra pawn on e7 Black doesn't have the stalemate motives in the
endgame Q:Pc2.}) (51... e5 52. Rxe5 Kxc3 53. Rh5 Rd2 54. h7 Rd8 55. h8=Q+ Rxh8
56. Rxh8 a3 57. Kf5 Kb2 58. Ke4 a2 59. Rh1 c3 60. Kd3 c2 61. Kd2 $18) 52. h7 e5
(52... a2 53. Rxa2 $18) 53. Rxe5 $2 (53. Rxa3 $1 e4 54. Ra2 Rh4 55. g5 e3 56.
Kg7 e2 57. Rxe2 Kxe2 58. h8=Q (58. g6 $18 {Ftacnik}) 58... Rxh8 59. Kxh8 Kd3
60. g6 $18) 53... Rxh7 $1 $10 54. Kxh7 Kxc3 55. Ra5 (55. g5 a2 56. Re1 Kb2 57.
g6 a1=Q 58. Rxa1 Kxa1 59. g7 c3 60. g8=Q c2 $10 {-55.g5}) 55... Kb2 56. g5 a2
57. g6 a1=Q 58. Rxa1 Kxa1 59. g7 c3 60. g8=Q c2 (60... c2 61. Qc4 Kb2 62. Qb4+
Ka2 63. Qc3 Kb1 64. Qb3+ Ka1 $1 $10 {The stalemate saves Black in this
theoretical endgame.}) 1/2-1/2

[Event "Ciocaltea Memorial"]
[Site "Bucharest"]
[Date "1994.??.??"]
[Round "2"]
[White "Maiwald, Jens Uwe"]
[Black "Grigore, George Gabriel"]
[Result "0-1"]
[WhiteElo "2490"]
[BlackElo "2455"]
[Annotator "Stohl,I"]
[PlyCount "128"]
[EventDate "1994.02.??"]
[EventType "tourn"]
[EventRounds "13"]
[EventCountry "ROU"]
[EventCategory "9"]
[SourceTitle "CBM 040"]
[Source "ChessBase"]
[SourceDate "1994.06.01"]
[SourceVersion "1"]
[SourceVersionDate "1994.06.01"]
[SourceQuality "1"]

1. d4 Nf6 2. Nf3 g6 3. Bg5 Bg7 4. Nbd2 d6 (4... O-O 5. c3 d6 6. e4 c5 7. dxc5
dxc5 8. Qc2 Nc6 9. Be2 Qc7 10. O-O h6 11. Bh4 Nh5 12. Rfe1 g5 13. Bg3 Nxg3 14.
hxg3 b6 15. Bc4 e6 $132 {1/2:1/2/Maiwald,J-Itkis,B/Bucharest Ciocaltea/1994/})
5. e4 h6 6. Bh4 Nh5 7. c3 g5 (7... Nd7 8. Bc4 g5 9. Bg3 e6 (9... c5 $5 $132)
10. Qe2 Qe7 11. O-O-O a6 12. Nb3 a5 13. a3 Nb6 14. Bb5+ c6 15. Bd3 a4 16. Nbd2
Bd7 17. e5 d5 18. Ne1 Nxg3 19. hxg3 O-O-O 20. f4 f5 21. exf6 Qxf6 22. Nef3 Rdf8
23. Ne5 Be8 24. Rdf1 Qe7 $10 {Khalifman,A-Wahls,M/Munich/1992/}) 8. Bg3 e6 9.
Ng1 (9. Bd3 Nd7 $5 (9... O-O 10. O-O Nc6 11. Nc4 f5 12. exf5 exf5 13. h3 f4 14.
Bh2 Nf6 15. Re1 Ne7 16. a4 a5 17. Qb3 Kh8 18. Rxe7 $1 Qxe7 19. Nce5 $1 Qe6 20.
d5 Qe8 21. Ng6+ Kg8 22. Re1 $36 {Ribli,Z-Schmidt,W/Baile Herculane zt/1982/})
10. Qe2 a6 11. Nc4 b5 12. Ne3 Nb6 13. e5 Bb7 14. exd6 cxd6 15. Nf5 Bf8 16. Nd2
Nxg3 17. fxg3 Qc7 18. O-O O-O-O 19. Ne3 Bg7 20. Be4 d5 21. Bd3 f5 22. Nb3 Na4
$13 {Velikov-Jurtaev/Frunze/1983/}) 9... Nxg3 10. hxg3 Qe7 (10... c5 11. dxc5
dxc5 12. f4 e5 13. f5 O-O 14. Bc4 Nd7 15. Nh3 Nf6 16. Nf2 Bd7 17. Ng4 b5 18.
Nxf6+ Qxf6 19. Bd5 Bc6 20. O-O Rfd8 21. a4 a6 22. Qe2 $14 {Kiselev,S-Ivanchuk,
V/Frunze/1988/}) 11. Qc2 $146 (11. Bd3 $5 Nc6 12. Qe2 Bd7 13. O-O-O O-O-O 14.
f4 Rde8 15. Kb1 Qf8 16. Nh3 g4 17. Nf2 h5 18. Bc2 Ne7 19. Nb3 Ng6 20. Nd3 Kb8
$13 {Huemmer,B-Kraut,R/BL 9091/1990/}) 11... Nc6 12. f4 d5 $5 (12... Bd7 13.
Ngf3 O-O-O 14. Bd3 f5 $5 $132) 13. e5 Bd7 14. Bd3 O-O-O 15. Ne2 f6 $132 16.
O-O-O (16. g4 $6 gxf4 17. Nxf4 fxe5 18. Ng6 Qg5 $40) 16... h5 17. Kb1 Rdf8 18.
Nf3 Be8 19. exf6 $6 (19. Rdf1 $10) 19... Bxf6 20. Rde1 (20. fxg5 Bxg5 21. Nxg5
Qxg5 22. Nf4 Bf7 $15) 20... Qg7 21. Qd2 Rfg8 22. Qe3 Bf7 23. Ref1 gxf4 24. gxf4
(24. Qxf4 Bg6 25. Qe3 Re8 $36 {/\e5}) 24... h4 $1 (24... Qxg2 $4 25. Rfg1 $18)
25. Ng5 $6 (25. Ne5 $5 Nxe5 (25... Bxe5 26. fxe5 Bg6 27. Nf4 $36 {><e6}) 26.
fxe5 Bg5 27. Qh3 {<=>><e6} (27. Qf2 Bg6 $36)) 25... Bxg5 26. fxg5 Nd8 {><g5,g2}
27. g3 h3 $1 (27... hxg3 28. Rxh8 Qxh8 29. Qxg3 $36) 28. Rh2 Qxg5 29. Qxg5 Rxg5
30. Rfh1 e5 $15 31. Rxh3 (31. dxe5 $6 Be6 (31... Rxe5 32. Rxh3 $10) 32. Nf4 Bg4
33. Nxh3 Rgh5 34. Bf1 Nf7 $17) 31... Rxh3 32. Rxh3 Be6 33. Rh8 e4 {()} 34. Bc2
Kd7 35. Kc1 Nf7 36. Rh7 Ke7 37. Kd2 Bf5 38. Rh2 Bg4 (38... e3+ $6 39. Kc1 Bg4
40. Nf4 {/\Bd1=}) 39. Nf4 c6 40. Ke1 $6 (40. c4 $5 $15) 40... Rg7 $1 {/\Nd6-f5,
Ng5-f3} 41. c4 dxc4 (41... Ng5 $142 $1 $17 {/\dc4,Nf3}) 42. Bxe4 Ng5 43. Bh1
Nf3+ 44. Bxf3 Bxf3 45. Kf2 Be4 46. Rh5 $132 Kd6 47. Rh6+ (47. Re5 $13) 47...
Kd7 48. Nh5 $6 Rf7+ 49. Rf6 Re7 50. g4 b5 51. a3 a5 52. Rf8 (52. g5 b4 53. g6
c3 $17) 52... Kc7 53. Nf4 b4 54. axb4 axb4 55. Ra8 (55. Ke2 Rh7 $5 $36) 55...
c3 56. b3 $8 (56. bxc3 b3 57. Ra7+ Kd6 $19) 56... c2 57. Ra1 Bh7 58. g5 Kb6 59.
g6 (59. Rc1 Bf5 $19) 59... Bg8 $19 60. Nd3 Bxb3 61. Nxb4 Kb5 62. Nd3 Kc4 63.
Ne5+ Kc3 64. Re1 (64. Nxc6 Rc7 65. Ne5 Kb2 $19) 64... Bd5 {/\Kd4} 0-1

[Event "ARM-ch"]
[Site "Yerevan"]
[Date "1995.??.??"]
[Round "11"]
[White "Anastasian, Ashot"]
[Black "Khachiyan, Melikset"]
[Result "1/2-1/2"]
[WhiteElo "2520"]
[BlackElo "2420"]
[Annotator "Stohl,I"]
[PlyCount "96"]
[EventDate "1995.08.??"]
[EventType "tourn"]
[EventRounds "11"]
[EventCountry "ARM"]
[EventCategory "10"]
[SourceTitle "CBM 050"]
[Source "ChessBase"]
[SourceDate "1996.02.01"]
[SourceVersion "1"]
[SourceVersionDate "1996.02.01"]
[SourceQuality "1"]

1. d4 Nf6 2. Nf3 g6 3. Bf4 (3. c3 Bg7 4. Bf4 d6 5. h3 O-O 6. e3 Nbd7 7. Be2 Qe8
8. O-O e5 9. Bh2 Qe7 10. c4 Ne4 11. Nbd2 Nxd2 12. Qxd2 Re8 13. Rfd1 a5 14. Rac1
b6 15. b3 Bb7 16. Qc2 f5 17. dxe5 dxe5 18. Rd2 Nc5 19. Rcd1 Bc6 20. Qc1 Ne4 21.
Rc2 Rad8 22. Nd2 Nc5 23. Nf3 Rxd1+ 24. Qxd1 Ne4 25. Nd2 Nc5 26. Nb1 Rd8 $10 {
1/2/Epishin,V-Nijboer,F/Nimes op/1991/}) 3... Bg7 4. e3 d6 5. h3 O-O 6. Be2 c5
(6... Nbd7 7. O-O Qe8 8. c4 e5 9. Bh2 $13) 7. c3 {[%csl Yc3,Yd4,Ye3] The Colle
structure Pc3,d4,e3 arises in many Queen's pawn openings and it's very solid,
although rather passive.} Qb6 8. Qb3 (8. Qc1 Nc6 9. Na3 (9. Nbd2 d5 $6 10. O-O
Be6 11. Qc2 Rac8 12. Qb3 Na5 13. Qa3 Nc4 14. Bxc4 dxc4 15. e4 cxd4 16. cxd4 Bd7
17. Be5 Rfe8 18. Rac1 Bb5 19. Qc3 Nh5 20. Bxg7 Kxg7 21. d5+ $36 {Anastasian,
A-Basirov,R/Kstovo op/1994/}) 9... Be6 10. O-O Rac8 11. Rd1 d5 12. Nc2 c4 13.
Nd2 Rfd8 14. b3 Qa5 15. bxc4 Qxc3 16. c5 b6 17. Ne1 Qxc1 18. Raxc1 bxc5 19.
Rxc5 Nd7 20. Rb5 Nb6 21. Nb3 Bd7 22. Nc5 Be8 23. Nb7 Rd7 24. Nc5 Rdd8 $10 {
Agdestein,S-Van Wely,L/Biel izt/1993/}) 8... Be6 9. Qxb6 axb6 10. a3 Nc6 11.
Nbd2 Rfc8 (11... Na5 $5 12. Ng5 (12. e4 $6 Nb3 13. Nxb3 Bxb3 14. Nd2 Bc2 15. f3
Nh5 $36) 12... Bd7 13. O-O Nd5 14. Bh2 b5 15. dxc5 dxc5 16. Rad1 Bc6 17. Nge4
c4 18. Nc5 b6 19. Nce4 h6 20. Ng3 Rfd8 21. Nf3 e5 22. h4 {Dreev,A-Popovic,P/
Brno/1992/} h5 $15 {()}) 12. O-O Na5 (12... cxd4 13. exd4 Na5 14. Rfe1 Kf8 15.
Bd3 Nc4 16. Nxc4 Bxc4 17. Bxc4 Rxc4 18. Re2 Nd5 19. Bg3 b5 20. Rae1 Rc7 21. Rd1
h6 22. Ne1 f5 23. f3 g5 24. Nd3 Kf7 25. Rde1 Bf6 $10 {Anastasian,A-Krasenkov,M/
Rostov op/1993/}) 13. Bd3 $146 (13. Rfc1 Bb3 $5 14. Bd3 Nd7 15. Bb5 Nf8 16. a4
Ne6 17. Bg3 Nc7 18. c4 $2 cxd4 19. Nxd4 Bxd4 20. exd4 Ne6 21. Bd7 Nxd4 22. Bxc8
Ne2+ 23. Kh2 Nxc1 24. Bg4 Nd3 25. Ra3 Nxb2 26. Nxb3 Nbxc4 $19 {Dreev,A-Sokolov,
I/Groningen/1991/}) (13. Ng5 Nb3 $10 {1/2/Stoppel,F-Hager,F/OST-chT9394/1994/})
(13. Bh2 Bf5 $6 (13... Nb3 14. Nxb3 Bxb3 15. Nd2 Bd5 $10) 14. Rfe1 c4 15. Bf1
Be4 16. Ng5 Bc2 17. Ngf3 b5 18. e4 Nd7 19. e5 dxe5 20. Nxe5 Nb6 21. Rac1 Bb3
22. Nxb3 Nxb3 23. Rc2 Nd5 24. Ng4 Re8 25. Be2 Na5 26. Bf3 Rad8 $14 {Braeuner,
U-Maiwald,JU/Hamburg op/1992/}) 13... Nb3 14. Nxb3 Bxb3 $10 15. Bg5 (15. e4 $2
cxd4 16. cxd4 (16. Nxd4 Bc4 17. Bxc4 Rxc4 $17 {[%cal Rf6e4,Re7e5] /\Ne4,e5})
16... Bc2 $36) 15... Ra5 16. Rac1 Bd5 17. Bxf6 (17. Rfe1 Bxf3 18. gxf3 cxd4 19.
Bxf6 Bxf6 20. cxd4 Rxc1 21. Rxc1 e5 $10) 17... Bxf6 18. Nd2 (18. e4 $6 Bc6 $15
{[%csl Rd4,Re4] ה}) 18... b5 (18... Be6 $5 $10 {[%cal Yd6d5,Yc5c4] /\d5,c4})
19. Be4 $1 Bxe4 20. Nxe4 {The Bishop and Knight are of approximately the same
value in this position, which is equal.} Bg7 (20... cxd4 $2 21. Nxf6+ (21. cxd4
Rc4 $132) 21... exf6 22. exd4 $16 {_|_}) 21. dxc5 Ra4 $1 $8 (21... dxc5 $2 22.
Nxc5 $1 {/\} Rxc5 23. b4 $18) 22. Nxd6 $5 (22. f3 f5 $1 23. Nf2 dxc5 $132 {/\b4
}) 22... exd6 23. cxd6 {[%csl Gd6,Rb5] The passed d6-pawn will eventually fall,
but White will gain the weak b5-pawn in exchange. With 3 pawns for the piece
he has equality, but hardly more.} Rd8 24. Rfd1 Rd7 $1 (24... Ra6 25. d7 {
/\Rd5+/=}) 25. Rd5 Ra6 26. Rxb5 $2 (26. Rcd1 Bf8 (26... Rb6 $6 27. e4 f6 28. f4
$16) 27. Rxb5 Raxd6 28. Rxd6 Bxd6 $10) 26... Raxd6 27. Kf1 h5 $2 (27... Rd2 $1
$36) 28. Rc2 $1 (28. a4 Rd2 $15) 28... Rd1+ (28... h4 $142 $13 {[%csl Rg2] ><g2
}) 29. Ke2 Rg1 (29... h4 $2 30. Rxb7 $16) 30. g3 h4 31. gxh4 Bf6 (31... Rh1 32.
h5 Rxh3 33. hxg6 fxg6 34. Rd2 $1 $36 {[%csl Rb7] ><b7}) 32. h5 Bh4 33. hxg6
fxg6 {Although White now has 4 pawns for the piece, his P are weak and Black's
Rooks are sufficiently active to maintain approximate equality.} 34. Rb4 g5 35.
Rd4 (35. Rg4 Rh1 36. Rd2 Rf7 $5 $132) 35... Rf7 36. f4 Re7 (36... gxf4 $142 37.
Rxf4 Rxf4 38. exf4 Rg3 $1 $10) 37. Kd3 Rg3 38. Re2 Rxh3 39. fxg5 Kf7 (39...
Bxg5 $6 40. Rg4 Rg7 41. Reg2 Bf6 (41... Rxe3+ 42. Kd4 Re2 43. Rxe2 Bf6+ 44. Ke4
$1 Rxg4+ 45. Kf5 $18) 42. Rxg7+ Bxg7 43. Rg6 $16) 40. Rd5 (40. Rg4 $5 $14)
40... Rg3 41. Kc4 Bxg5 42. e4 Be3 $10 43. Rf5+ (43. e5 $6 Ke6) 43... Ke8 44. e5
Rc7+ 45. Kb3 (45. Kb5 Rc5+ $10) 45... Bd4 $1 {[%cal Rd4c3] /\Bc3=} 46. Rh5 (46.
Rc2 Re3 $15) 46... Bxc3 47. Rh8+ (47. bxc3 Rcxc3+ 48. Kb4 Rb3+ $10) 47... Ke7
48. Rh7+ Kd8 (48... Kd8 49. Rxc7 Bxe5+ 50. Rc3 Bxc3 51. bxc3 Kc7 $10) 1/2-1/2